000
00320nam a2200121 a 4500
005
20140414131857.0
008
100827s19uu xx 00 eng d
050
_a
FIL
_b
P14 2006
100
_a
Almario, Virgilio
245
_a
Si pagong at si matsing.
260
_a
Manila, Philippines :
_b
Adarna,
_c
2006.
999
_c
110502
_d
110502